WWE 2K15 2K Showcase Matches - Statistics

General Stats
  • This quiz has been taken 216 times
  • The average score is 123 of 142
Answer Stats
Hint Answer % Correct
8. WrestleMania XII Hunter Hearst Helmsley
100%
1. Summerslam 2002 | 11. Raw | 12. Royal Rumble 2004 | +8 others Triple H
100%
1. Summerslam 2002 | 10. Armageddon 2003 | 11. Raw | +8 others Shawn Michaels
99%
1. Money In The Bank 2011 | 11. Raw 1000 | 12. Raw | +10 others John Cena
98%
1. Money In The Bank 2011 | 10. Raw | 11. Raw 1000 | +15 others CM Punk
97%
13. Raw | 2. Smackdown | 3. Smackdown | +6 others Randy Orton
96%
18. Royal Rumble 2013 | 19. Elimination Chamber 2013 The Rock
93%
2. Raw | 2. Smackdown | 3. Raw | 4. Survivor Series 2002 Kane
92%
1. Extreme Rules 2011 | 4. Summerslam 2011 | 6. Night Of Champions 2011 | +2 others Alberto Del Rio
91%
1. Money In The Bank 2011 | 10. Raw | 12. Raw | +3 others The Big Show
91%
1. Money In The Bank 2011 | 2. Smackdown | 3. Smackdown | +7 others Mark Henry
87%
10. Armageddon 2003 Batista
85%
3. Raw | 4. Survivor Series 2002 | 8. Backlash 2003 Chris Jericho
85%
15. Hell In A Cell 2012 | 17. Survivor Series 2012 | 9. WrestleMania 29 Ryback
84%
1. Extreme Rules 2011 | 2. Smackdown | 3. Smackdown | +5 others Christian
83%
3. WrestleMania VI | 7. Summerslam 1991 Hulk Hogan
82%
8. Backlash 2003 | 9. Bad Blood 2003 Ric Flair
82%
4. Survivor Series 2002 | 5. Raw | 6. Raw Rob Van Dam
81%
3. Raw | 4. Survivor Series 2002 | 8. Backlash 2003 Booker T
79%
2. Raw Rey Mysterio
79%
12. Raw Daniel Bryan
76%
8. Backlash 2003 Kevin Nash
73%
1. Summerslam 1988 | 2. Saturday Night's Main Event | 3. WrestleMania VI | +5 others The Ultimate Warrior
73%
5. WrestleMania VII Randy Savage
70%
3. Smackdown | 3. Summerslam 2011 | 5. Smackdown | 6. Smackdown Sheamus
69%
6. Live Event The Undertaker
67%
2. Saturday Night's Main Event Andre The Giant
50%
1. Summerslam 1988 Honky Tonk Man
50%
7. Summerslam 1991 Sgt. Slaughter
45%
5. Smackdown The Great Khali
39%
4. Summerslam 1990 Rick Rude
35%
7. Summerslam 1991 Col. Mustafa
29%
7. Summerslam 1991 General Adnan
27%
8. Raw Jey Uso
23%
8. Raw Jimmy Uso
23%
No matching quizzes found
Score Distribution
Percent of People with Each Score
Percentile by Number Answered
Your Score History
You have not taken this quiz